| 000 | 00447nam a22001577a 4500 | ||
|---|---|---|---|
| 003 | OSt | ||
| 005 | 20150909154844.0 | ||
| 008 | 150909b xxu||||| |||| 00| 0 eng d | ||
| 040 | _cRUA | ||
| 082 | _aAGR ប៊ុន 1993 B008 Or.1 | ||
| 100 |
_9190 _aប៊ុន ចាន់នី |
||
| 245 | _aដំណាំអមពៅនៅខេត្តកណ្ដាល | ||
| 260 |
_aRUA _bphnom penh _c1993 |
||
| 300 |
_a87p. _cill. _g29cm. |
||
| 942 | _cAGR | ||
| 999 |
_c170 _d170 |
||